00602 2200193 4500001002100000005001800021008004100039035002400080090001600104100000600120245004800126250000600174260011600180300002500296650002000321700003700341850001500378999001500393YOGYA-0211000000162920110202085833760 ind  0010-021100000001629 aDEP 396 Nil a- aNilai anak dan wanita dalam masyarakat jawa a- aYogyakartabDepdikbud Dirjen Kebudayaan Proyek Penelitian dan Pengkajian Kebudayaan Nusantara Bagian Jawac1986 avii, 78 hlm.; 23 cm. aKebudayaan Jawa aSudarsono, R.M; Murniatmo, Gatut aYOPDYOG[B] aD000004727